Walking Dead Characters Last Line Quiz Stats

Quiz not verified by Sporcle

Challenge
Share
Tweet
Embed
Score 0/15 Timer 06:00
0 Plays Today
% Correct
Andrea
92.5%
T-DOG
90.7%
Jacqui
88.6%
Dale
88.2%
Nicholas
87.1%
Lori
86.8%
Beth
86.4%
Amy
86.1%
% Correct
Governor
85.4%
Merle
85%
Dave
80.7%
Edwin
77.1%
Hershel
75%
Tyreese
71.8%
Dawn
71.4%

You're not logged in!

Compare scores with friends on all Sporcle quizzes.
Sign Up with Email
OR
Log In

You Might Also Like...

Show Comments

Extras

Top Quizzes Today


Score Distribution

Your Account Isn't Verified!

In order to create a playlist on Sporcle, you need to verify the email address you used during registration. Go to your Sporcle Settings to finish the process.